000
00255nam a2200109Ia 4500
008
231219s9999 xx 000 0 und d
041
_a
eng
100
_a
Kharidehal V.Rao
245
_a
Management Science
260
_b
M.G.H Bombay
650
_a
Management
999
_c
975262
_d
975262